000
00259nam a2200121Ia 4500
008
190216s9999||||xx |||||||||||||| ||und||
100
_a
Laxman R K
245
4
_a
The Best Of Laxman
260
_b
Macmillan
300
_a
224
650
_a
English
942
_c
BK
999
_c
13720
_d
13720